| 000 | 00336pab a2200133 454500 | ||
|---|---|---|---|
| 008 | 180718b1988 xxu||||| |||| 00| 0 eng d | ||
| 100 | _aBreen, Richard | ||
| 245 | _aThe work experience programme in Ireland | ||
| 260 | _c1988 | ||
| 300 | _a429-44 | ||
| 650 | _aWork - Ireland | ||
| 773 | _aInternational Labour Review | ||
| 909 | _a21283 | ||
| 999 |
_c21283 _d21283 |
||